000 00800nam a2200289Ia 4500
005 20260324112803.0
008 008 260324s9999 xx 000 0 eng d
020 _a9781003485131
037 _aEBOOK
040 _aCRL
040 _beng
040 _cCRL
041 _2eng
041 _aeng
084 _qCRL
100 _aCasey J. Bedgood
_91144134
245 2 _aA Leader’s Guide to Designing High Performing Quality Management Systems
245 4 _bThe 7 Keys that Solve, Achieve, Sustain, and Transform Organizational Outcomes in High-Risk Environments
260 _bTaylor and Francis
260 _c2024
365 _a
365 _b170
856 _uhttp://www.taylorfrancis.com/books/9781003485131
942 _cEBOOK
999 _c1733483
_d1733483